000 01776nam a22002057a 4500
008 250221e20250210xxk|||||o|||| 00| 0 eng d
041 _aeng
110 _aRoyal Institution of Chartered Surveyors
245 _aUK Residential Market Survey
_bJanuary 2025
_h[Electronic resource]
260 _aLondon,
_bRoyal Institution of Chartered Surveyors,
_cFebruary 2025
300 _a17p
490 _aRICS UK Residential Market Survey
520 _aThe January 2025 RICS UK Residential Survey results signal a broadly fl at monthly picture for sales market activity, with measures of demand and sales both easing slightly to now sit in neutral territory. Nevertheless, despite the slight stalling in momentum of late, respondents continue to envisage a modest expansion in sales volumes as the year progresses. During January, the new buyer enquiries indicator returned a net balance of zero at the headline level, which is now indicative of a broadly fl at trend over the month. What’s more, this series has continued to moderate gradually in each of the past fi ve reports having hit a recent high of +16% back in August (suggesting demand growth has lost impetus). With regards to the survey’s tracker of agreed sales, the latest net balance reading of +3% is also consistent with a more or less static picture, having eased from a marginally stronger figure of +7% in the December 2024 results.
650 _aHOUSING MARKET
650 _aRESIDENTIAL PROPERTY
651 _aUnited Kingdom
710 _aRoyal Institution of Chartered Surveyors
856 _uhttps://www.rics.org/content/dam/ricsglobal/documents/market-surveys/WEB_January_2025_RICS_UK_Residential_Market_Survey_tp.pdf
_zAvailable free on RICS.org
942 _n0
999 _c122106
_d122106